Novísimo Chantreau ó Completa gramática francesa (Record no. 48156)

MARC details
000 -LEADER
campo de control de longitud fija 00691nam a22002055i 4500
001 - NÚMERO DE CONTROL
campo de control 48156
003 - IDENTIFICADOR DE NÚMERO DE CONTROL
campo de control ES-MaACL
005 - FECHA Y HORA DE LA ÚLTIMA TRANSACCIÓN
campo de control 20250907063041.0
007 - CAMPO FIJO DE DESCRIPCIÓN FÍSICA--INFORMACIÓN GENERAL
campo de control de longitud fija t|
008 - DATOS DE LONGITUD FIJA--INFORMACIÓN GENERAL
campo de control de longitud fija 950707s1845 sp ||||1| spa d
040 ## - FUENTE DE CATALOGACIÓN
Centro catalogador/agencia de origen CAM
Lengua de catalogación spa
Centro/agencia transcriptor CAM
100 1# - ENTRADA PRINCIPAL--NOMBRE DE PERSONA
Nombre de persona Chantreau, Pierre-Nicolas,
Fechas asociadas al nombre 1741-1808
9 (RLIN) 37990
245 10 - MENCIÓN DEL TÍTULO
Título Novísimo Chantreau ó Completa gramática francesa
Resto del título : dividida en tres partes /
Mención de responsabilidad, etc. revisada, corregida y aumentada por Juan Alarcón.
260 ## - PUBLICACIÓN, DISTRIBUCIÓN, ETC.
Lugar de publicación, distribución, etc. Madrid :
Nombre del editor, distribuidor, etc. Julián Viana Razola,
Fecha de publicación, distribución, etc. 1845.
300 ## - DESCRIPCIÓN FÍSICA
Extensión 464 p. ;
Dimensiones 20 cm.
650 14 - PUNTO DE ACCESO ADICIONAL DE MATERIA--TÉRMINO DE MATERIA
Término de materia o nombre geográfico como elemento de entrada Lengua francesa-
Subdivisión general Gramática.
9 (RLIN) 14220
700 1# - ENTRADA AGREGADA--NOMBRE PERSONAL
Nombre de persona Alarcón, Juan.
9 (RLIN) 19129
852 ## - LOCALIZACIÓN
Ubicación ES-MaACL
Número de control de estantería D-1012
Holdings
Estatus retirado Estado de pérdida Estado de daño No para préstamo Colección Biblioteca de origen Biblioteca actual Ubicación en estantería Fecha de adquisición Fuente de adquisición Total de préstamos Signatura topográfica completa Código de barras Visto por última vez Precio de reemplazo Tipo de ítem Koha
        Libros del s. XIX Biblioteca del Ateneo de Madrid Biblioteca del Ateneo de Madrid Sala Valle Inclán 17/01/2008     D-1012 901050682 23/02/2023 23/02/2023 Libro impreso antiguo